000 00625nam a2200229Ia 4500
005 20250508162307.0
008 008 250505s9999 xx 000 0 eng d
020 _a0-210-22281-6
037 _aTextual
040 _aFEDL
_beng
_cFEDL
041 _aeng
_2eng
084 _a025.3, RAN
_qFEDL
100 _aRanganathan S R
245 0 _aCataloguing practice
260 _aBombay, India
_bAsia Publishing House
_c1975
300 _a517p
365 _aINR
_b60
490 _aRanganathan series in library science
650 _aLibrary science
942 _cTEXL
_h025.3, RAN
999 _c1375640
_d1375640